• 首页
  • 本馆介绍
  • 公告通知
  • 最新文献
  • 馆藏检索
  • 电子资源
  • 读者导购
  • 参考咨询
  • 我的图书馆
  • 登录
  • 详细信息显示
  • 放入我的书架
  • 预约/预借图书
  • 作者相关作品
  • 分类相关作品
  • 丛书相关作品
  • 出版社相关作品

书目信息

  • 表格格式
  • 工作单格式
  • 卡片格式
题名:
现代建筑与民族文化
    
 
作者: 崔世昌 编
分册:  
出版信息: 天津   天津大学出版社  2000.01
页数: 137页
开本: 20cm
丛书名:
单 册:
中图分类: TU-05
科图分类:
主题词: 建筑学--关系
电子资源:
ISBN: 7-5618-1251-5
000 00609nam0 2200205 450
001 0874339214
005 20080108203935.20
010    @a7-5618-1251-5@dCNY35.00
100    @a20080108d2000 km y0chiy0120 ea
101 0  @achi
102    @aCN@b120000
200 1  @a现代建筑与民族文化@Axian dai jian zhu yu min zu wen hua@f崔世昌编@Fcui shi chang bian
210    @a天津@c天津大学出版社@d2000.01
215    @a137页@d20cm
606 0  @a建筑学@x关系
690    @aTU-05@v4
701  0 @a崔世昌@Acui shi chang@4编
801  0 @aCN@b大连网信软件有限公司图书馆@c20080108
905    @aBZT@dTU-05@e1
906    @dCNY35.00@n0@r1
    
    现代建筑与民族文化/崔世昌编.-天津:天津大学出版社,2000.01
    137页;20cm
    
    
    ISBN 7-5618-1251-5:CNY35.00
    
●
相关链接 在五车中查询图书 在当当中查询图书 在豆瓣中查询图书


正题名:现代建筑与民族文化     索取号:TU-05/1         预约/预借

序号 登录号 条形码 馆藏地/架位号 状态 备注
1 615820   2000615820   中心书库中库/ 中库023架B面8列7层10/ [索取号:TU-05/1] 在馆    
2 615821   2000615821   中心书库中库/ 中库023架B面4列3层10/ [索取号:TU-05/1] 在馆    
3 615822   2000615822   中心书库中库/ 中库023架B面4列3层13/ [索取号:TU-05/1] 在馆    
4 615823   2000615823   中心书库中库/ 中库023架B面4列3层12/ [索取号:TU-05/1] 在馆    
5 615824   2000615824   中心书库中库/ 中库023架B面4列3层11/ [索取号:TU-05/1] 在馆    
山东省滨州职业学院图书馆 欢迎您!
大连网信软件有限公司© 版权所有